[Event "Deutsche Ländermeisterschaft 2024"]
[Site "Tübingen GER"]
[Date "2024.10.05"]
[Round "6"]
[White "Udelnov, Valentin"]
[Black "Haug, Mara"]
[Result "0-1"]
[Termination "normal"]
[Board "6.3"]
[WhiteElo "2045"]
[BlackElo "1905"]
[WhiteClock "00:04:50"]
[BlackClock "00:23:21"]
[WhiteTeam "Sachsen-Anhalt"]
[BlackTeam "Baden"]
[PlyCount "94"]
[WhiteFideId "16265734"]
[BlackFideId "16259300"]
[EventCountry "GER"]
[EventRounds "7"]
[EventType "team-swiss"]
[EventDate "2024.10.02"]

1. e4 {[%clk 01:30:58]} {[%emt 00:00:03]} c5 {[%clk 01:30:54]} {[%emt
00:00:04]} 2. Nf3 {[%clk 01:31:25]} {[%emt 00:00:04]} Nc6 {[%clk 01:31:17]}
{[%emt 00:00:07]} 3. d4 {[%clk 01:31:52]} {[%emt 00:00:03]} cxd4 {[%clk
01:31:40]} {[%emt 00:00:07]} 4. Nxd4 {[%clk 01:32:20]} {[%emt 00:00:01]} g6
{[%clk 01:32:00]} {[%emt 00:00:10]} 5. c4 {[%clk 01:32:40]} {[%emt 00:00:10]}
Bg7 {[%clk 01:32:23]} {[%emt 00:00:07]} 6. Be3 {[%clk 01:33:03]} {[%emt
00:00:07]} Nf6 {[%clk 01:32:48]} {[%emt 00:00:05]} 7. Nc3 {[%clk 01:33:28]}
{[%emt 00:00:05]} O-O {[%clk 01:32:57]} {[%emt 00:00:21]} 8. Be2 {[%clk
01:33:51]} {[%emt 00:00:08]} d6 {[%clk 01:33:21]} {[%emt 00:00:05]} 9. O-O
{[%clk 01:34:02]} {[%emt 00:00:19]} Nxd4 {[%clk 01:33:30]} {[%emt 00:00:22]}
10. Bxd4 {[%clk 01:34:24]} {[%emt 00:00:08]} Bd7 {[%clk 01:33:53]} {[%emt
00:00:07]} 11. h3 {[%clk 01:30:03]} {[%emt 00:04:52]} Bc6 {[%clk 01:32:29]}
{[%emt 00:01:53]} 12. Qc2 {[%clk 01:30:24]} {[%emt 00:00:09]} Qa5 {[%clk
01:28:32]} {[%emt 00:04:23]} 13. f4 {[%clk 01:20:04]} {[%emt 00:10:54]} e5
{[%clk 01:16:01]} {[%emt 00:13:01]} 14. fxe5 {[%clk 01:18:42]} {[%emt
00:01:52]} dxe5 {[%clk 01:15:51]} {[%emt 00:00:40]} 15. Be3 {[%clk 01:18:53]}
{[%emt 00:00:19]} Rac8 {[%clk 01:13:21]} {[%emt 00:02:57]} 16. Rab1 {[%clk
01:06:20]} {[%emt 00:13:06]} Qc7 {[%clk 01:07:52]} {[%emt 00:05:58]} 17. Kh1
{[%clk 01:05:21]} {[%emt 00:01:30]} b5 {[%clk 01:02:53]} {[%emt 00:05:29]} 18.
c5 {[%clk 01:00:58]} {[%emt 00:04:53]} b4 {[%clk 01:00:02]} {[%emt 00:03:21]}
19. Nb5 {[%clk 00:55:35]} {[%emt 00:05:53]} Bxe4 {[%clk 00:49:34]} {[%emt
00:10:58]} 20. Nxc7 {[%clk 00:55:31]} {[%emt 00:00:34]} Bxc2 {[%clk 00:49:55]}
{[%emt 00:00:09]} 21. Rbc1 {[%clk 00:55:56]} {[%emt 00:00:06]} Be4 {[%clk
00:40:37]} {[%emt 00:09:46]} 22. Nb5 {[%clk 00:54:22]} {[%emt 00:02:05]} Nd5
{[%clk 00:37:47]} {[%emt 00:03:17]} 23. Bd2 {[%clk 00:51:19]} {[%emt 00:03:35]}
Rcd8 {[%clk 00:32:51]} {[%emt 00:05:25]} 24. c6 {[%clk 00:44:33]} {[%emt
00:07:18]} a6 {[%clk 00:24:17]} {[%emt 00:09:03]} 25. c7 {[%clk 00:39:47]}
{[%emt 00:05:16]} Nxc7 {[%clk 00:21:32]} {[%emt 00:03:16]} 26. Bxb4 {[%clk
00:31:52]} {[%emt 00:08:24]} Nxb5 {[%clk 00:20:56]} {[%emt 00:01:06]} 27. Bxf8
{[%clk 00:32:16]} {[%emt 00:00:06]} Bxf8 {[%clk 00:20:21]} {[%emt 00:01:05]}
28. Bc4 {[%clk 00:30:45]} {[%emt 00:02:01]} Nd6 {[%clk 00:17:03]} {[%emt
00:03:47]} 29. Rcd1 {[%clk 00:27:38]} {[%emt 00:03:38]} Rc8 {[%clk 00:16:32]}
{[%emt 00:00:59]} 30. Bxa6 {[%clk 00:22:35]} {[%emt 00:05:36]} Rc2 {[%clk
00:16:03]} {[%emt 00:00:58]} 31. Rg1 {[%clk 00:22:50]} {[%emt 00:00:17]} Rxb2
{[%clk 00:15:23]} {[%emt 00:01:09]} 32. a4 {[%clk 00:23:12]} {[%emt 00:00:07]}
Nf5 {[%clk 00:14:18]} {[%emt 00:01:36]} 33. Bd3 {[%clk 00:20:26]} {[%emt
00:03:16]} Bc6 {[%clk 00:10:53]} {[%emt 00:03:53]} 34. Bxf5 {[%clk 00:04:46]}
{[%emt 00:16:12]} gxf5 {[%clk 00:11:18]} {[%emt 00:00:04]} 35. a5 {[%clk
00:05:05]} {[%emt 00:00:11]} Bc5 {[%clk 00:09:10]} {[%emt 00:02:38]} 36. Rb1
{[%clk 00:05:20]} {[%emt 00:00:15]} Re2 {[%clk 00:05:17]} {[%emt 00:04:23]} 37.
Rbe1 {[%clk 00:04:40]} {[%emt 00:01:11]} Bxg1 {[%clk 00:04:24]} {[%emt
00:01:23]} 38. Rxe2 {[%clk 00:05:06]} {[%emt 00:00:05]} Bd4 {[%clk 00:04:28]}
{[%emt 00:00:25]} 39. a6 {[%clk 00:04:18]} {[%emt 00:01:18]} e4 {[%clk
00:03:03]} {[%emt 00:01:54]} 40. Ra2 {[%clk 00:02:08]} {[%emt 00:02:42]} Ba7
{[%clk 00:00:44]} {[%emt 00:02:48]} 41. Rc2 {[%clk 00:08:54]} {[%emt 00:23:43]}
Bd5 {[%clk 00:28:28]} {[%emt 00:02:46]} 42. Rd2 {[%clk 00:09:07]} {[%emt
00:00:18]} Be6 {[%clk 00:26:56]} {[%emt 00:02:01]} 43. g3 {[%clk 00:06:26]}
{[%emt 00:03:12]} e3 {[%clk 00:27:05]} {[%emt 00:00:21]} 44. Rd1 {[%clk
00:05:43]} {[%emt 00:01:12]} e2 {[%clk 00:25:07]} {[%emt 00:02:27]} 45. Re1
{[%clk 00:05:24]} {[%emt 00:00:50]} Bd5+ {[%clk 00:23:20]} {[%emt 00:02:16]}
46. Kh2 {[%clk 00:05:50]} {[%emt 00:00:06]} Bf3 {[%clk 00:23:12]} {[%emt
00:00:37]} 47. g4 {[%clk 00:04:50]} {[%emt 00:01:31]} f4 {[%clk 00:23:21]}
{[%emt 00:00:20]} 0-1

[Event "Deutsche Ländermeisterschaft 2024"]
[Site "Tübingen GER"]
[Date "2024.10.05"]
[Round "6"]
[White "Fischer, Darja"]
[Black "Belin, Anton"]
[Result "0-1"]
[Termination "normal"]
[Board "6.4"]
[WhiteElo "1872"]
[BlackElo "1994"]
[WhiteClock "00:49:08"]
[BlackClock "01:18:15"]
[WhiteTeam "Baden"]
[BlackTeam "Sachsen-Anhalt"]
[PlyCount "58"]
[WhiteFideId "16240898"]
[BlackFideId "34610952"]
[EventCountry "GER"]
[EventRounds "7"]
[EventType "team-swiss"]
[EventDate "2024.10.02"]

1. d4 {[%clk 01:30:59]} {[%emt 00:00:01]} d5 {[%clk 01:30:47]} {[%emt
00:00:13]} 2. c4 {[%clk 01:31:25]} {[%emt 00:00:05]} e6 {[%clk 01:30:55]}
{[%emt 00:00:20]} 3. cxd5 {[%clk 01:31:21]} {[%emt 00:00:35]} exd5 {[%clk
01:30:57]} {[%emt 00:00:29]} 4. Nc3 {[%clk 01:31:40]} {[%emt 00:00:11]} c5
{[%clk 01:30:38]} {[%emt 00:00:49]} 5. dxc5 {[%clk 01:31:23]} {[%emt 00:00:47]}
d4 {[%clk 01:31:01]} {[%emt 00:00:06]} 6. Na4 {[%clk 01:31:47]} {[%emt
00:00:06]} b5 {[%clk 01:30:00]} {[%emt 00:01:30]} 7. cxb6 {[%clk 01:30:57]}
{[%emt 00:01:20]} axb6 {[%clk 01:30:23]} {[%emt 00:00:07]} 8. b3 {[%clk
01:29:14]} {[%emt 00:02:13]} b5 {[%clk 01:27:29]} {[%emt 00:03:25]} 9. Nb2
{[%clk 01:29:19]} {[%emt 00:00:25]} Nc6 {[%clk 01:25:44]} {[%emt 00:02:15]} 10.
Nf3 {[%clk 01:23:16]} {[%emt 00:06:33]} Nf6 {[%clk 01:24:47]} {[%emt 00:01:27]}
11. e3 {[%clk 01:17:50]} {[%emt 00:05:56]} Bf5 {[%clk 01:22:08]} {[%emt
00:03:08]} 12. Nxd4 {[%clk 01:08:09]} {[%emt 00:10:11]} Bb4+ {[%clk 01:19:57]}
{[%emt 00:02:41]} 13. Bd2 {[%clk 01:07:38]} {[%emt 00:01:01]} Bxd2+ {[%clk
01:19:25]} {[%emt 00:01:02]} 14. Qxd2 {[%clk 00:59:49]} {[%emt 00:08:19]} Ne4
{[%clk 01:19:27]} {[%emt 00:00:27]} 15. Qc1 {[%clk 00:59:43]} {[%emt 00:00:36]}
Qa5+ {[%clk 01:18:54]} {[%emt 00:01:03]} 16. Ke2 {[%clk 00:59:55]} {[%emt
00:00:18]} Nxd4+ {[%clk 01:17:53]} {[%emt 00:01:31]} 17. exd4 {[%clk 00:59:46]}
{[%emt 00:00:40]} Rc8 {[%clk 01:17:18]} {[%emt 00:01:04]} 18. Qe1 {[%clk
00:52:11]} {[%emt 00:08:05]} Rc2+ {[%clk 01:17:05]} {[%emt 00:00:42]} 19. Kf3
{[%clk 00:51:14]} {[%emt 00:01:27]} Rxf2+ {[%clk 01:17:19]} {[%emt 00:00:16]}
20. Qxf2 {[%clk 00:51:38]} {[%emt 00:00:06]} Nxf2 {[%clk 01:17:38]} {[%emt
00:00:10]} 21. Kxf2 {[%clk 00:52:04]} {[%emt 00:00:04]} Qd2+ {[%clk 01:17:58]}
{[%emt 00:00:11]} 22. Kf3 {[%clk 00:51:40]} {[%emt 00:00:54]} O-O {[%clk
01:17:59]} {[%emt 00:00:28]} 23. Bxb5 {[%clk 00:50:55]} {[%emt 00:01:16]} Qc3+
{[%clk 01:17:49]} {[%emt 00:00:39]} 24. Nd3 {[%clk 00:50:27]} {[%emt 00:00:59]}
Bxd3 {[%clk 01:18:08]} {[%emt 00:00:11]} 25. Rhc1 {[%clk 00:49:04]} {[%emt
00:01:53]} Bc2+ {[%clk 01:17:14]} {[%emt 00:01:24]} 26. Kf2 {[%clk 00:49:05]}
{[%emt 00:00:28]} Qxd4+ {[%clk 01:17:38]} {[%emt 00:00:06]} 27. Kf1 {[%clk
00:49:02]} {[%emt 00:00:33]} Rd8 {[%clk 01:17:49]} {[%emt 00:00:19]} 28. Re1
{[%clk 00:48:55]} {[%emt 00:00:36]} Qf6+ {[%clk 01:17:55]} {[%emt 00:00:23]}
29. Kg1 {[%clk 00:49:08]} {[%emt 00:00:18]} Qb6+ {[%clk 01:18:15]} {[%emt
00:00:09]} 0-1

[Event "Deutsche Ländermeisterschaft 2024"]
[Site "Tübingen GER"]
[Date "2024.10.05"]
[Round "6"]
[White "Nönnig, Jakob"]
[Black "Yin, Vito"]
[Result "1-0"]
[Termination "normal"]
[Board "6.5"]
[WhiteElo "1986"]
[BlackElo "1855"]
[WhiteClock "00:07:52"]
[BlackClock "00:15:53"]
[WhiteTeam "Sachsen-Anhalt"]
[BlackTeam "Baden"]
[PlyCount "123"]
[WhiteFideId "16289447"]
[BlackFideId "34601759"]
[EventCountry "GER"]
[EventRounds "7"]
[EventType "team-swiss"]
[EventDate "2024.10.02"]

1. e4 {[%clk 01:30:58]} {[%emt 00:00:02]} c5 {[%clk 01:30:53]} {[%emt
00:00:09]} 2. Nf3 {[%clk 01:31:21]} {[%emt 00:00:07]} d6 {[%clk 01:31:19]}
{[%emt 00:00:03]} 3. d4 {[%clk 01:31:44]} {[%emt 00:00:06]} cxd4 {[%clk
01:31:47]} {[%emt 00:00:02]} 4. Nxd4 {[%clk 01:32:05]} {[%emt 00:00:09]} Nf6
{[%clk 01:32:12]} {[%emt 00:00:05]} 5. Nc3 {[%clk 01:32:26]} {[%emt 00:00:09]}
a6 {[%clk 01:32:36]} {[%emt 00:00:06]} 6. Bg5 {[%clk 01:32:30]} {[%emt
00:00:26]} e6 {[%clk 01:32:56]} {[%emt 00:00:11]} 7. Qe2 {[%clk 01:32:23]}
{[%emt 00:00:36]} Be7 {[%clk 01:32:31]} {[%emt 00:00:54]} 8. f4 {[%clk
01:32:36]} {[%emt 00:00:17]} b5 {[%clk 01:29:32]} {[%emt 00:03:30]} 9. a3
{[%clk 01:25:45]} {[%emt 00:07:22]} Qb6 {[%clk 01:25:42]} {[%emt 00:04:19]} 10.
O-O-O {[%clk 01:21:01]} {[%emt 00:05:14]} Nc6 {[%clk 01:18:52]} {[%emt
00:07:20]} 11. Nxc6 {[%clk 01:16:46]} {[%emt 00:04:45]} Qxc6 {[%clk 01:19:19]}
{[%emt 00:00:03]} 12. g4 {[%clk 01:13:19]} {[%emt 00:03:57]} h6 {[%clk
01:17:28]} {[%emt 00:02:21]} 13. Bh4 {[%clk 01:10:08]} {[%emt 00:03:41]} Bb7
{[%clk 01:12:42]} {[%emt 00:05:16]} 14. Bg2 {[%clk 01:00:53]} {[%emt 00:09:45]}
e5 {[%clk 00:58:01]} {[%emt 00:15:10]} 15. Bxf6 {[%clk 00:54:42]} {[%emt
00:06:42]} Bxf6 {[%clk 00:57:13]} {[%emt 00:01:18]} 16. Nd5 {[%clk 00:54:45]}
{[%emt 00:00:28]} Bh4 {[%clk 00:56:14]} {[%emt 00:01:28]} 17. Rd3 {[%clk
00:53:55]} {[%emt 00:01:20]} Bd8 {[%clk 00:47:25]} {[%emt 00:09:19]} 18. Rc3
{[%clk 00:47:09]} {[%emt 00:07:17]} Qd7 {[%clk 00:47:38]} {[%emt 00:00:17]} 19.
fxe5 {[%clk 00:43:39]} {[%emt 00:04:00]} dxe5 {[%clk 00:45:52]} {[%emt
00:02:16]} 20. Rd1 {[%clk 00:42:35]} {[%emt 00:01:34]} Qe6 {[%clk 00:45:39]}
{[%emt 00:00:39]} 21. Rc7 {[%clk 00:41:32]} {[%emt 00:01:36]} Bc8 {[%clk
00:43:07]} {[%emt 00:03:02]} 22. Re7+ {[%clk 00:39:08]} {[%emt 00:02:54]} Bxe7
{[%clk 00:42:43]} {[%emt 00:00:54]} 23. Nc7+ {[%clk 00:39:31]} {[%emt
00:00:07]} Kf8 {[%clk 00:43:08]} {[%emt 00:00:04]} 24. Nxe6+ {[%clk 00:37:43]}
{[%emt 00:02:18]} Bxe6 {[%clk 00:43:37]} {[%emt 00:00:01]} 25. Qf3 {[%clk
00:35:04]} {[%emt 00:03:08]} Rc8 {[%clk 00:43:01]} {[%emt 00:01:07]} 26. Kb1
{[%clk 00:34:37]} {[%emt 00:00:57]} g6 {[%clk 00:41:07]} {[%emt 00:02:23]} 27.
Qg3 {[%clk 00:31:10]} {[%emt 00:03:58]} f6 {[%clk 00:39:46]} {[%emt 00:01:50]}
28. Bf1 {[%clk 00:27:55]} {[%emt 00:03:44]} Kf7 {[%clk 00:39:24]} {[%emt
00:00:52]} 29. a4 {[%clk 00:23:39]} {[%emt 00:04:47]} bxa4 {[%clk 00:37:29]}
{[%emt 00:02:26]} 30. Bxa6 {[%clk 00:23:58]} {[%emt 00:00:11]} Rb8 {[%clk
00:37:52]} {[%emt 00:00:07]} 31. Ka1 {[%clk 00:12:35]} {[%emt 00:11:53]} Rb6
{[%clk 00:38:01]} {[%emt 00:00:21]} 32. Be2 {[%clk 00:11:37]} {[%emt 00:01:27]}
Rhb8 {[%clk 00:38:08]} {[%emt 00:00:24]} 33. Rb1 {[%clk 00:10:47]} {[%emt
00:01:20]} a3 {[%clk 00:37:58]} {[%emt 00:00:40]} 34. b3 {[%clk 00:10:45]}
{[%emt 00:00:32]} Rc6 {[%clk 00:34:47]} {[%emt 00:03:41]} 35. Bd3 {[%clk
00:06:52]} {[%emt 00:04:24]} a2 {[%clk 00:33:55]} {[%emt 00:01:22]} 36. Rb2
{[%clk 00:01:55]} {[%emt 00:05:28]} Bc5 {[%clk 00:29:51]} {[%emt 00:04:34]} 37.
Kxa2 {[%clk 00:01:28]} {[%emt 00:00:57]} Bd4 {[%clk 00:30:10]} {[%emt
00:00:11]} 38. Kb1 {[%clk 00:01:43]} {[%emt 00:00:15]} Bxb2 {[%clk 00:28:56]}
{[%emt 00:01:43]} 39. Kxb2 {[%clk 00:02:12]} {[%emt 00:00:02]} Rc7 {[%clk
00:28:58]} {[%emt 00:00:28]} 40. Qe3 {[%clk 00:02:15]} {[%emt 00:00:27]} Kg7
{[%clk 00:27:23]} {[%emt 00:02:04]} 41. h3 {[%clk 00:02:17]} {[%emt 00:00:29]}
Bf7 {[%clk 00:22:37]} {[%emt 00:05:16]} 42. Qd2 {[%clk 00:01:08]} {[%emt
00:01:39]} Rc5 {[%clk 00:18:25]} {[%emt 00:04:42]} 43. Qe3 {[%clk 00:00:37]}
{[%emt 00:01:00]} Rc7 {[%clk 00:18:46]} {[%emt 00:00:09]} 44. Qe1 {[%clk
00:29:48]} {[%emt 00:01:18]} Rc5 {[%clk 00:48:33]} {[%emt 00:00:44]} 45. Qa1
{[%clk 00:29:56]} {[%emt 00:00:22]} Rc7 {[%clk 00:45:21]} {[%emt 00:03:42]} 46.
Qa5 {[%clk 00:27:52]} {[%emt 00:02:34]} Rcb7 {[%clk 00:44:40]} {[%emt
00:01:11]} 47. Qc5 {[%clk 00:27:19]} {[%emt 00:01:03]} Be6 {[%clk 00:40:56]}
{[%emt 00:04:14]} 48. Ba6 {[%clk 00:26:47]} {[%emt 00:01:02]} Rb6 {[%clk
00:35:47]} {[%emt 00:05:39]} 49. Qc7+ {[%clk 00:26:30]} {[%emt 00:00:47]} Bf7
{[%clk 00:35:40]} {[%emt 00:00:38]} 50. Kc3 {[%clk 00:23:53]} {[%emt 00:03:08]}
Rb4 {[%clk 00:33:34]} {[%emt 00:02:35]} 51. Bc8 {[%clk 00:17:16]} {[%emt
00:07:07]} R8b6 {[%clk 00:30:45]} {[%emt 00:03:19]} 52. h4 {[%clk 00:16:28]}
{[%emt 00:01:18]} g5 {[%clk 00:30:40]} {[%emt 00:00:35]} 53. h5 {[%clk
00:16:30]} {[%emt 00:00:27]} Rb8 {[%clk 00:30:42]} {[%emt 00:00:27]} 54. Ba6
{[%clk 00:11:06]} {[%emt 00:05:54]} R4b6 {[%clk 00:29:20]} {[%emt 00:01:52]}
55. Bc4 {[%clk 00:10:54]} {[%emt 00:00:42]} R8b7 {[%clk 00:26:18]} {[%emt
00:03:33]} 56. Qc5 {[%clk 00:10:31]} {[%emt 00:00:51]} Be8 {[%clk 00:17:11]}
{[%emt 00:09:38]} 57. Qc8 {[%clk 00:10:12]} {[%emt 00:00:50]} Re7 {[%clk
00:16:20]} {[%emt 00:01:20]} 58. Bd5 {[%clk 00:10:12]} {[%emt 00:00:30]} Rd6
{[%clk 00:16:11]} {[%emt 00:00:39]} 59. Kb4 {[%clk 00:09:13]} {[%emt 00:01:29]}
Rb6+ {[%clk 00:16:04]} {[%emt 00:00:37]} 60. Kc5 {[%clk 00:08:53]} {[%emt
00:00:50]} Rb5+ {[%clk 00:15:55]} {[%emt 00:00:39]} 61. Kc4 {[%clk 00:08:52]}
{[%emt 00:00:30]} Rb6 {[%clk 00:15:53]} {[%emt 00:00:33]} 62. Qd8 {[%clk
00:07:52]} {[%emt 00:01:29]} 1-0

[Event "Deutsche Ländermeisterschaft 2024"]
[Site "Tübingen GER"]
[Date "2024.10.05"]
[Round "6"]
[White "Kateryniuk, Ivan"]
[Black "Voigt, Anastasia"]
[Result "1-0"]
[Termination "normal"]
[Board "6.6"]
[WhiteElo "1860"]
[BlackElo "1909"]
[WhiteClock "00:29:59"]
[BlackClock "00:29:14"]
[WhiteTeam "Baden"]
[BlackTeam "Sachsen-Anhalt"]
[PlyCount "55"]
[WhiteFideId "34138943"]
[BlackFideId "16235223"]
[EventCountry "GER"]
[EventRounds "7"]
[EventType "team-swiss"]
[EventDate "2024.10.02"]

1. e4 {[%clk 01:30:58]} {[%emt 00:00:02]} e5 {[%clk 01:30:55]} {[%emt
00:00:05]} 2. Nf3 {[%clk 01:31:22]} {[%emt 00:00:05]} Nc6 {[%clk 01:31:20]}
{[%emt 00:00:06]} 3. d4 {[%clk 01:31:48]} {[%emt 00:00:03]} exd4 {[%clk
01:31:43]} {[%emt 00:00:07]} 4. Nxd4 {[%clk 01:32:17]} {[%emt 00:00:01]} Nf6
{[%clk 01:32:05]} {[%emt 00:00:08]} 5. Nxc6 {[%clk 01:32:41]} {[%emt 00:00:06]}
bxc6 {[%clk 01:32:32]} {[%emt 00:00:03]} 6. e5 {[%clk 01:33:08]} {[%emt
00:00:04]} Qe7 {[%clk 01:32:56]} {[%emt 00:00:05]} 7. Qe2 {[%clk 01:33:37]}
{[%emt 00:00:02]} Nd5 {[%clk 01:33:16]} {[%emt 00:00:11]} 8. c4 {[%clk
01:34:01]} {[%emt 00:00:06]} Ba6 {[%clk 01:33:29]} {[%emt 00:00:15]} 9. b3
{[%clk 01:34:23]} {[%emt 00:00:08]} g6 {[%clk 01:33:47]} {[%emt 00:00:13]} 10.
Bb2 {[%clk 01:33:28]} {[%emt 00:01:25]} Bg7 {[%clk 01:34:11]} {[%emt 00:00:06]}
11. g3 {[%clk 01:33:06]} {[%emt 00:00:53]} O-O-O {[%clk 01:32:25]} {[%emt
00:02:15]} 12. Bg2 {[%clk 01:32:52]} {[%emt 00:00:44]} d6 {[%clk 01:26:31]}
{[%emt 00:06:24]} 13. Qd2 {[%clk 01:18:01]} {[%emt 00:15:21]} Bxe5 {[%clk
01:20:14]} {[%emt 00:06:47]} 14. O-O {[%clk 01:16:28]} {[%emt 00:02:04]} Bxb2
{[%clk 01:12:54]} {[%emt 00:07:50]} 15. Qxb2 {[%clk 01:16:03]} {[%emt
00:00:55]} Nb6 {[%clk 00:57:17]} {[%emt 00:16:06]} 16. Qa3 {[%clk 01:14:00]}
{[%emt 00:02:34]} Kb7 {[%clk 00:53:06]} {[%emt 00:04:40]} 17. Bxc6+ {[%clk
01:10:03]} {[%emt 00:04:29]} Kxc6 {[%clk 00:53:26]} {[%emt 00:00:09]} 18. Qxa6
{[%clk 01:10:29]} {[%emt 00:00:04]} Qe5 {[%clk 00:47:09]} {[%emt 00:06:47]} 19.
Na3 {[%clk 01:08:00]} {[%emt 00:02:59]} Ra8 {[%clk 00:39:29]} {[%emt 00:08:09]}
20. Nb5 {[%clk 00:56:17]} {[%emt 00:12:14]} h5 {[%clk 00:38:06]} {[%emt
00:01:53]} 21. Rfe1 {[%clk 00:55:26]} {[%emt 00:01:19]} Qf6 {[%clk 00:37:53]}
{[%emt 00:00:44]} 22. Rad1 {[%clk 00:38:16]} {[%emt 00:17:41]} h4 {[%clk
00:36:07]} {[%emt 00:02:16]} 23. Nd4+ {[%clk 00:38:25]} {[%emt 00:00:20]} Kd7
{[%clk 00:36:25]} {[%emt 00:00:12]} 24. Qb5+ {[%clk 00:38:41]} {[%emt
00:00:14]} Kc8 {[%clk 00:33:35]} {[%emt 00:03:20]} 25. Qc6 {[%clk 00:31:32]}
{[%emt 00:07:39]} hxg3 {[%clk 00:33:31]} {[%emt 00:00:35]} 26. hxg3 {[%clk
00:29:43]} {[%emt 00:02:20]} Qg5 {[%clk 00:30:49]} {[%emt 00:03:11]} 27. Nb5
{[%clk 00:29:40]} {[%emt 00:00:32]} Qc5 {[%clk 00:29:14]} {[%emt 00:02:06]} 28.
Nxd6+ {[%clk 00:29:59]} {[%emt 00:00:11]} 1-0

[Event "Deutsche Ländermeisterschaft 2024"]
[Site "Tübingen GER"]
[Date "2024.10.05"]
[Round "6"]
[White "Rössling, Laura Marie"]
[Black "Rafikova, Ailin"]
[Result "1/2-1/2"]
[Termination "normal"]
[Board "6.7"]
[WhiteElo "1623"]
[BlackElo "1707"]
[WhiteClock "00:00:50"]
[BlackClock "00:14:05"]
[WhiteTeam "Sachsen-Anhalt"]
[BlackTeam "Baden"]
[PlyCount "82"]
[WhiteFideId "16289471"]
[BlackFideId "34612173"]
[EventCountry "GER"]
[EventRounds "7"]
[EventType "team-swiss"]
[EventDate "2024.10.02"]

1. e4 {[%clk 01:30:56]} {[%emt 00:00:04]} c6 {[%clk 01:30:53]} {[%emt
00:00:07]} 2. d4 {[%clk 01:31:06]} {[%emt 00:00:19]} d5 {[%clk 01:31:03]}
{[%emt 00:00:20]} 3. Nd2 {[%clk 01:31:17]} {[%emt 00:00:19]} dxe4 {[%clk
01:31:03]} {[%emt 00:00:30]} 4. Nxe4 {[%clk 01:31:17]} {[%emt 00:00:31]} Nf6
{[%clk 01:30:38]} {[%emt 00:00:54]} 5. Nxf6+ {[%clk 01:31:01]} {[%emt
00:00:46]} exf6 {[%clk 01:31:00]} {[%emt 00:00:08]} 6. c3 {[%clk 01:30:51]}
{[%emt 00:00:40]} Bd6 {[%clk 01:31:03]} {[%emt 00:00:27]} 7. Bd3 {[%clk
01:30:32]} {[%emt 00:00:49]} Be6 {[%clk 01:28:19]} {[%emt 00:03:14]} 8. Qc2
{[%clk 01:25:20]} {[%emt 00:05:42]} Nd7 {[%clk 01:24:43]} {[%emt 00:04:06]} 9.
c4 {[%clk 01:21:05]} {[%emt 00:04:45]} Nf8 {[%clk 01:19:29]} {[%emt 00:05:44]}
10. Ne2 {[%clk 01:13:05]} {[%emt 00:08:30]} Ng6 {[%clk 01:15:22]} {[%emt
00:04:38]} 11. Be3 {[%clk 01:08:20]} {[%emt 00:05:14]} Qc7 {[%clk 01:06:49]}
{[%emt 00:09:03]} 12. O-O-O {[%clk 01:03:20]} {[%emt 00:05:30]} Nf4 {[%clk
01:00:01]} {[%emt 00:07:17]} 13. Nxf4 {[%clk 00:57:31]} {[%emt 00:06:20]} Bxf4
{[%clk 01:00:19]} {[%emt 00:00:12]} 14. Kb1 {[%clk 00:54:02]} {[%emt 00:03:59]}
Bxe3 {[%clk 00:54:46]} {[%emt 00:06:03]} 15. fxe3 {[%clk 00:54:25]} {[%emt
00:00:07]} O-O-O {[%clk 00:51:28]} {[%emt 00:03:47]} 16. Rc1 {[%clk 00:50:00]}
{[%emt 00:04:56]} Kb8 {[%clk 00:48:37]} {[%emt 00:03:21]} 17. Qa4 {[%clk
00:42:21]} {[%emt 00:08:09]} Bd7 {[%clk 00:39:15]} {[%emt 00:09:51]} 18. c5
{[%clk 00:34:55]} {[%emt 00:07:57]} Rde8 {[%clk 00:33:10]} {[%emt 00:06:35]}
19. e4 {[%clk 00:31:14]} {[%emt 00:04:10]} Rd8 {[%clk 00:26:49]} {[%emt
00:06:52]} 20. Rc3 {[%clk 00:27:05]} {[%emt 00:04:39]} Ka8 {[%clk 00:22:35]}
{[%emt 00:04:43]} 21. Ra3 {[%clk 00:24:12]} {[%emt 00:03:24]} Qb8 {[%clk
00:19:55]} {[%emt 00:03:08]} 22. Rb3 {[%clk 00:15:42]} {[%emt 00:09:01]} Bc8
{[%clk 00:16:24]} {[%emt 00:04:02]} 23. Qb4 {[%clk 00:12:41]} {[%emt 00:03:31]}
Rd7 {[%clk 00:14:33]} {[%emt 00:02:20]} 24. Be2 {[%clk 00:10:58]} {[%emt
00:02:14]} Rhd8 {[%clk 00:12:55]} {[%emt 00:02:08]} 25. Rd3 {[%clk 00:09:35]}
{[%emt 00:01:54]} Qf4 {[%clk 00:11:16]} {[%emt 00:02:09]} 26. Bf3 {[%clk
00:09:10]} {[%emt 00:00:55]} Re7 {[%clk 00:05:25]} {[%emt 00:06:21]} 27. g3
{[%clk 00:08:12]} {[%emt 00:01:28]} Qc7 {[%clk 00:04:59]} {[%emt 00:00:56]} 28.
Rc3 {[%clk 00:06:26]} {[%emt 00:02:17]} Be6 {[%clk 00:04:09]} {[%emt 00:01:20]}
29. Rd1 {[%clk 00:06:07]} {[%emt 00:00:49]} Red7 {[%clk 00:03:46]} {[%emt
00:00:54]} 30. a4 {[%clk 00:05:14]} {[%emt 00:01:22]} f5 {[%clk 00:02:40]}
{[%emt 00:01:36]} 31. e5 {[%clk 00:05:05]} {[%emt 00:00:39]} Bd5 {[%clk
00:02:17]} {[%emt 00:00:53]} 32. Bxd5 {[%clk 00:04:58]} {[%emt 00:00:37]} Rxd5
{[%clk 00:02:34]} {[%emt 00:00:13]} 33. Rcd3 {[%clk 00:04:40]} {[%emt
00:00:49]} R8d7 {[%clk 00:02:06]} {[%emt 00:00:58]} 34. a5 {[%clk 00:03:22]}
{[%emt 00:01:48]} Qd8 {[%clk 00:01:12]} {[%emt 00:01:23]} 35. Qa4 {[%clk
00:03:09]} {[%emt 00:00:43]} Rxc5 {[%clk 00:01:02]} {[%emt 00:00:40]} 36. a6
{[%clk 00:02:52]} {[%emt 00:00:48]} Rb5 {[%clk 00:00:56]} {[%emt 00:00:36]} 37.
Ra3 {[%clk 00:02:09]} {[%emt 00:01:12]} Rb6 {[%clk 00:00:59]} {[%emt 00:00:27]}
38. axb7+ {[%clk 00:01:52]} {[%emt 00:00:47]} Rdxb7 {[%clk 00:01:23]} {[%emt
00:00:07]} 39. Rd2 {[%clk 00:01:27]} {[%emt 00:00:54]} Qb8 {[%clk 00:01:09]}
{[%emt 00:00:44]} 40. Qc2 {[%clk 00:01:19]} {[%emt 00:00:38]} g6 {[%clk
00:01:02]} {[%emt 00:00:36]} 41. Rc3 {[%clk 00:00:50]} {[%emt 00:01:00]} Qe8
{[%clk 00:14:05]} {[%emt 00:17:27]} 1/2-1/2